banner-ar

"ROCHIO TIMES""FILMES AND VIDEO GUIDE""" / (Record no. 12060)

MARC details
000 -الفاتح
حقل البيانات ثابتة الطول 00464nam a2200193Ia 4500
008 - عناصر البيانات ثابتة الطول - معلومات عامة
حقل البيانات ثابتة الطول 140319s9999 xx 000 0 eng d
040 ## - مصدر الفهرسة
وكالة الفهرسة الأصلية GCL /
وكالة النسخ GCL
082 04 - رقم تصنيف ديوى العشرى
رقم التصنيف 791.34
رقم المادة W R
100 1# - المدخل الرئيسى - إسم شخصى
الإسم الشخصى WINNERT, DEREK
245 10 - بيان العنوان
العنوان "ROCHIO TIMES""FILMES AND VIDEO GUIDE""" /
بيان المسئوليه,etc WINNERT, DEREK
300 ## - الوصف المادى
التعداد 1307P
650 04 - المدخل الاضافى بالموضوع-مصطلح موضوعى
مصطلح موضوعي ACTORS & ACTORESS
650 04 - المدخل الاضافى بالموضوع-مصطلح موضوعى
مصطلح موضوعي GUIDANCE
650 04 - المدخل الاضافى بالموضوع-مصطلح موضوعى
مصطلح موضوعي DIRECTORIES
650 04 - المدخل الاضافى بالموضوع-مصطلح موضوعى
مصطلح موضوعي FILMS
650 04 - المدخل الاضافى بالموضوع-مصطلح موضوعى
مصطلح موضوعي CLEMA
942 ## - عناصر المدخل الإضافي( كوها)
مصدر التصنيف او مخطط الترفيف Dewey Decimal Classification
Koha [default] item type كتاب
Holdings
حالة التراجع حالة الفقد حالة تلف ليس للاعارة المكان المؤقت الموقع الحالى تاريخ الاكتساب اجمالي اﻻعارات رقم الطلب الباركود تاريخ اخر مشاهدة تاريخ تفعيل السعر نوع وعاء كوها
        مكتبة القاهرة الكبرى مكتبة القاهرة الكبرى 03/26/2014   791.34\W R 23626 03/26/2014 03/26/2014 كتاب

Powered By

EGPV